Sesame Street Muppet Characters - Statistics

General Stats
  • This quiz has been taken 60 times
  • The average score is 23 of 1549
Answer Stats
Answer % Correct
Elmo
100%
Big Bird
89%
Cookie
80%
M
76%
Oscar The Grouch
67%
Grover
60%
Kermit The Frog
60%
Ernie
58%
Bert
56%
Zoe
40%
Rosita
38%
Abby Cadabby
31%
Baby Bear
29%
Count Von Count
29%
Al
27%
Guy Smiley
27%
Telly Monster
27%
Slimey
24%
Herry Monster
22%
Mo
22%
Prairie Dawn
22%
Mr. Johnson
20%
Sherlock Hemlock
20%
Betty
18%
Cookie Monster
18%
Forgetful Jones
18%
Grundgetta
18%
Honkers
18%
Julia
18%
Mama Bear
18%
Papa Bear
18%
Alice
16%
Barkley
16%
Curly Bear
16%
Don Music
16%
Gladys The Cow
16%
Hoots The Owl
16%
Little Bird
16%
Mr. Snuffleupagus
16%
Bif
13%
Left
13%
Roosevelt Franklin
13%
Two-Headed Monster
13%
Goldilocks
11%
Herb
11%
Jack
11%
Little Chrissy
11%
Murray
11%
The Amazing Mumford
11%
Ben
9%
Benny
9%
Betty Lou
9%
Bruno and the Trashmen
9%
Bruno the Trashman
9%
Cinderella
9%
Ernestine
9%
Frazzle
9%
Granny Bird
9%
Harvey Kneeslapper
9%
Little Jerry
9%
Meryl Sheep
9%
Ovejita
9%
Prince
9%
Rapunzel
9%
Stinky
9%
Sully
9%
The Big Bad Wolf
9%
Anything Muppets
7%
Bug
7%
Captain
7%
Chickens
7%
Clementine
7%
Cows
7%
Dingers
7%
Gonger
7%
Humphrey
7%
Ingrid
7%
Irvine
7%
Jill
7%
Little Miss Muffet
7%
Louie
7%
Mary
7%
Maurice
7%
Monty
7%
Penguins
7%
Pigs
7%
Placido Flamingo
7%
Prince Charming
7%
Sam The Robot
7%
Sheep
7%
Sleeping Beauty
7%
The Countess
7%
The Martians
7%
Baby Natasha
4%
Bart
4%
Beautiful Day Monster
4%
Bee
4%
Biff
4%
Big Jeffie
4%
Bill
4%
Birdie
4%
Bruce
4%
Burt
4%
Buster The Horse
4%
Charlie
4%
Chicago the Lion
4%
Chip
4%
Dan
4%
Dr. No
4%
Dr. Nobel Price
4%
Elmer
4%
Farley
4%
Fred The Wonder Horse
4%
George
4%
Goat
4%
Harvey Monster
4%
Horatio The Elephant
4%
Humpty Dumpty
4%
Ji-Young
4%
Kingston Livingston III
4%
Lefty
4%
Little Bo Peep
4%
Lulu
4%
Mae
4%
Old MacDonald
4%
Phil
4%
Polly Darton
4%
Professor Hastings
4%
Richard
4%
Rick
4%
Rudy
4%
Simon Soundman
4%
Snow White
4%
Sonny Friendly
4%
Teddy
4%
The Beetles
4%
The Three Little Pigs
4%
Twiddlebugs
4%
Airplane
2%
Aladdin
2%
Alex
2%
Alfred
2%
Alfred Duck
2%
Ali Baba
2%
Alice Snuffleupagus
2%
Athena
2%
Baby Breeze
2%
Bad Barney
2%
Bad Bart
2%
Beachball
2%
Bell
2%
Billy
2%
Bongos
2%
Book
2%
Brad
2%
Bulldozer
2%
Butch
2%
Cactus
2%
Camera
2%
Captain Breakfast
2%
Captain Vegetable
2%
Chicken Licken
2%
Clancy
2%
Colambo
2%
Cookie Hood
2%
Cooper
2%
Cousin Monster
2%
Crow
2%
Dani
2%
Daniel
2%
Davey Monkey
2%
Deena
2%
Delly Monster
2%
Dimples the Dog
2%
Dip
2%
Dr. Feel
2%
Elena
2%
Elijah
2%
Elizabeth
2%
Felix
2%
Firetruck
2%
Flo
2%
Flo Bear
2%
Fluffy
2%
Football
2%
Fran
2%
Freddie
2%
Gabrielle
2%
Gary Grouch
2%
George Washington
2%
Googel
2%
Granny Fanny Nesselrode
2%
Granny Grouch
2%
Gretel
2%
Grouches
2%
Grover's Mommy
2%
Hansel
2%
Hardhead Henry Harris
2%
Harry
2%
Headline Howie
2%
Henry
2%
Herbert Birdsfoot
2%
Howie
2%
H. Ross Parrot
2%
Iago
2%
Jackman Wolf
2%
James
2%
Jamie Fox
2%
Joey
2%
Judy
2%
Juliet
2%
Kathleen The Cow
2%
Kayla
2%
Kingfish
2%
Lassie
2%
Lefty The Salesman
2%
Lilly
2%
Lily
2%
Little Jack Horner
2%
Little Murray Sparkles
2%
Louise
2%
Maggie Cadabby
2%
Maria
2%
Marty
2%
Masha
2%
Mel
2%
Merry Monster
2%
Mike
2%
Miss M
2%
Mother Goose
2%
Mousey
2%
Mr. Chatterly
2%
Mr. Dragon
2%
Murray Monster
2%
Narf
2%
Niamh
2%
Norman
2%
Pearl
2%
Penelope Penguin
2%
Peter Piper
2%
Phoebe
2%
Pino
2%
Pinocchio
2%
Poco Loco
2%
Preposterous
2%
Preston Rabbit
2%
Prunella
2%
Queen Quinella
2%
Robin
2%
Rockheads
2%
Rodeo Rosie
2%
Rose
2%
Roxie Marie
2%
Ruby
2%
Sally
2%
Sammy
2%
Sammy the Snake
2%
Samuel
2%
Seagull
2%
Segi
2%
Sherry Netherland
2%
Sinister Sam
2%
Sir John Feelgood
2%
Smart Tina
2%
Spider
2%
Spot
2%
Stella
2%
Stuie Monster
2%
Summer Squall
2%
Suzetta Something
2%
Tamir
2%
Tango
2%
Telephone
2%
Tessie Twiddlebug
2%
The Cheese
2%
The Grand High Triangle Lover
2%
The Happy Squares
2%
The Hare
2%
The Oinker Sisters
2%
The Rhymingtons
2%
The Squirrelles
2%
The Top Banana
2%
Thomas Twiddlebug
2%
TJ
2%
Tommy
2%
Tony
2%
Tornado
2%
Tough Eddie
2%
Turkey
2%
Turkey Lurkey
2%
Uncle Jack
2%
Vincent Twice
2%
Wanda Cousteau
2%
Warren Wolf
2%
Watson
2%
Wes
2%
Willie
2%
Winnie
2%
Winnie Wiggins
2%
Witches
2%
Wolfgang The Seal
2%
Xavier
2%
Yo-Yo
2%
2102 Shady Lane
0%
2104 Shady Lane
0%
Abby Cadabby's Father
0%
ABCDEFGHIJKLMNOPQRSTUVWXYZ Company Delivery Man
0%
A. B. C-more
0%
Abigail Snuffleupagus
0%
Accordion
0%
Adam T. Glaser
0%
Adelaide The Grouch
0%
Adrienne Bip
0%
Agent Van Cuckoo
0%
Agnes
0%
A.J. Hornswoggle
0%
Alarm Clock Bird
0%
Alice In Wonderland Characters
0%
Alice Of Wonderland
0%
Alice The Actress
0%
Alligator
0%
Alphabet Characters
0%
Alphabet O'Malley
0%
Amazing Al
0%
Ambulance Driver
0%
Amelia
0%
AM Monsters
0%
An ape dressed as an angel singing about acorns
0%
Anderson Cucumber
0%
Andre
0%
Andy
0%
Anna White
0%
Anne Phibian
0%
Annette Monster
0%
Annie Afghan
0%
Ant
0%
Anyone's Nose Singer
0%
Apple Monster
0%
Aristotle
0%
Arlene Frantic
0%
Armstrong The Chicken Hawk
0%
Arnold Schnuffleupanegger
0%
Artie The Ant
0%
Astronaut
0%
Atlas Disguise Company Courier
0%
Augustine Washington
0%
Aunt Chloe
0%
Aunt Edna
0%
Auntie Audubon
0%
Aunt Jill
0%
Aunt Sticky
0%
Automatic Grouch
0%
Baa Baa Walters
0%
Baby Bobby
0%
Baby Elmo
0%
Baby Fats Domino
0%
Baby Prairie Dawn
0%
Baby Tooth and the Fuzzy Funk
0%
Bacob
0%
Baddy McBad
0%
Bad Humor Man
0%
Bagels
0%
Ball of Wax
0%
Balls of Fur
0%
Bananas
0%
Barney
0%
Barry
0%
Basketball
0%
Bathtub
0%
Bats
0%
Baxter Bird
0%
Beast
0%
Becky
0%
Bed
0%
Beginning, Middle and End
0%
Bela Pogolyi
0%
Belly
0%
Bennett Snerf
0%
Benny Rabbit
0%
Bernie Broccoli
0%
Bernie The Baker
0%
Bertha
0%
Bertina
0%
Bert's Mom
0%
Betty Bowl of Plastic Fruit
0%
Betty Lou's Dad
0%
Betty Lou's Mommy
0%
Bicycle
0%
Big Barney
0%
Big Bird's Daddy
0%
Big Bird's Mommy
0%
Big Bo Peep
0%
Big V
0%
Bill Compton Muppet
0%
Bill Smith
0%
Billy (Fred's son)
0%
Billy Idle
0%
Billy (Monster)
0%
Billy the Grownup
0%
Bip Bipadotta
0%
Birdnardo Birdtolucci
0%
Birthday Cake
0%
Blecka
0%
Blogg
0%
Blue Bird
0%
Blue-Breasted Party Pigeon
0%
Blue-Feathered Swallowing Swallow
0%
Blue Jay
0%
Board of Birds
0%
Bobby
0%
Bob Lackey
0%
Bon Bon
0%
Bonnie Rabbit
0%
Bono
0%
Booby Bunny
0%
Bossy The Cow
0%
Bottle
0%
Bow
0%
Brad (Zoe's Dad)
0%
Brandeis
0%
Bristly
0%
Bruce Rumpelstiltskin
0%
Bruce Stringbean
0%
Buck
0%
Bud
0%
Buford T. Higgenbottom
0%
Building Inspector
0%
Bunny The Grouch
0%
Busby
0%
Bushman Bill
0%
Butterflies
0%
Buzz Crescendo
0%
Buzz Word
0%
Caesar Penguin
0%
Captain Cabbage
0%
Captain Shnook
0%
Cap-ten Kirk
0%
Carina The Ballerina
0%
Carl Carrot
0%
Carl Mericana
0%
Carlos
0%
Carl The Cop
0%
Carmen
0%
Caroline
0%
Carol The Baker
0%
Carrie Underworm
0%
Casey
0%
Casper
0%
Celeste
0%
Celeste (Biff's Wife)
0%
Charles Blitzen
0%
Charles the Robot
0%
Charmin'
0%
Chef John
0%
Chester
0%
Chester O'Leary
0%
Chester's Dad
0%
Chester's Mom
0%
Chet
0%
Chewie the Cookie
0%
China Shop Clerk
0%
Chipowski
0%
Chirpley
0%
Chris Berman Muppet
0%
Christopher Columbus
0%
Chunky Cheese
0%
Cissy
0%
Clam
0%
Clarice
0%
Clothing Characters
0%
Cloud
0%
Clucky Luciano
0%
Coach Jones
0%
Cobra
0%
Colander Stenchman
0%
Cookie Monster Angels
0%
Cookie Monster's Grandma
0%
Cookie Monster's Mommy
0%
Cookie Monster's Niece
0%
Cookie Monster's Pop
0%
Cookie Monster's Sister
0%
Cookie Tin Man
0%
Corny The Corn
0%
Countess Dahling Von Dahling
0%
Countess Von Backwards
0%
Counting Crows
0%
Counting Service Man
0%
Count Von Count's Brother
0%
Count Von Count's Father
0%
Count Von Count's Mother
0%
Cousin Bear
0%
Cousin Pepe
0%
Cowboy O
0%
Cowboy with a Drawl
0%
Cowboy X
0%
Cranky
0%
Creepy Connie
0%
Crumbs Unlimited
0%
Crystal
0%
Crystal The Ball
0%
C. Sweep
0%
Cubes
0%
Cyranose de Bergerac
0%
Daddy Dodo
0%
Daddy Snuffle
0%
Dalia
0%
Dancing Mice
0%
Danielle French Toast
0%
Dani's Doctor
0%
Dani's Grandma
0%
Dan Rather-not
0%
Darlene
0%
Darth Baker
0%
Darth Chicken
0%
David Attenbird
0%
David Finch
0%
David Letterguy
0%
Davy Jones
0%
Dawg the Dog
0%
D.D. Dragon
0%
Dear Crabby
0%
Deborah Starr
0%
Deirdre
0%
Delivery Man
0%
Dentists
0%
Detective Dave
0%
Dexter
0%
Dicky Tick
0%
Didi O'Day and the Dew Drops
0%
Dieter Dachshund
0%
Dinosaur
0%
Dirk
0%
Dirty
0%
Disappearatron X-38
0%
Diva
0%
Diva D'Abruzzo
0%
Diva Garbagedump
0%
Diva la Diva
0%
DJ Lobster
0%
Doc Holiday
0%
Doctor Two
0%
Doctor Two Aliens
0%
Dolores
0%
Dominique
0%
Donald Grump
0%
Donald Trump Muppet
0%
Don Doola
0%
Donnie Dodo
0%
Doves
0%
Dr. Edwynn
0%
Dr. Flippin
0%
Dr. Frank Freeze
0%
Dr. Johnson
0%
Dr. Judy
0%
Dr. Kvetch
0%
Dr. Lily Rosenbloom
0%
Dr. Livingstone
0%
Dr. Purrenbark
0%
Dr. Reinbrein
0%
Dr. Ruster
0%
Dr. Sigmund Sillystuff
0%
Dr. T. Beary Bearzelton
0%
Dr. Thad
0%
Duane
0%
Duck Clark
0%
Ducks
0%
Duke
0%
Dusty
0%
Dusty (Worm)
0%
Dwayne
0%
Earl E. Bird
0%
Eartha
0%
Eddie
0%
Edvard Munch Muppet
0%
Eggs
0%
Elizaablecccch Arden
0%
Elmo-noske
0%
Elmore
0%
Elmo's Grandparents
0%
Elmo's Great Grandmother
0%
Elmo's Jacket
0%
Elves
0%
Enormous Athlete
0%
Enzo
0%
Epitaph
0%
Ernest The Grouch
0%
Ernie Statue
0%
Esme
0%
Essie Silverman
0%
Estimation Crustacean
0%
Ethel Mermaid
0%
Eugene
0%
Ex Ray
0%
Fairy Godmother
0%
Fairy Napmother
0%
Fannie The Firefighter
0%
Fanny Liebowitz
0%
Farley (Lavender Boy)
0%
Farley's Dad
0%
Farmer Brown
0%
Farmer Fowler
0%
Farmer Frankie
0%
Farmer McGregor
0%
Farson
0%
Fastest-Drawing Fred
0%
Fatima
0%
Fauna
0%
Felicity
0%
Felix Fly
0%
Felix The Grouch
0%
Fenwick
0%
Fenwick Bird
0%
Fenwick la Touche
0%
Ferlinghetti Donizetti
0%
Fern
0%
Fernando O'Higgins
0%
Ferris
0%
Fico
0%
Fido (Cat)
0%
Fido (Frog)
0%
Figby
0%
Finicky
0%
Firefighter Jackson
0%
Fish
0%
Fiverine
0%
Flamingos
0%
Floatie
0%
Floris McDirt
0%
Flo White
0%
Flo (Word Play)
0%
Fluffy (Mr. Johnson's Pet)
0%
Fluter-Tooters
0%
Flute-Snatcher
0%
F.N. Jones
0%
Football Stenchman
0%
Forgetful Jones' Cousin
0%
Forgetful Jones' Grandma
0%
Forgetful Jones' Parents
0%
Forgettinest Jones
0%
Fortune Cookie
0%
Four Grouches Named Moe and Oscar
0%
Fowler Scowler
0%
Fowl Play
0%
Fox in a tux
0%
Frances Oznowicz
0%
Francine Lloyd Wright
0%
Frankie
0%
Frankie (Cameraman)
0%
Frankie Monster
0%
Frank Lloyd Left
0%
Frank Malone
0%
Frannie
0%
Freddy (Boy)
0%
Freddy (Monster)
0%
Freddy Smith
0%
Fred (Fish)
0%
Fred (Flamingo)
0%
Fred (Monster)
0%
Frieda
0%
Froggy
0%
Ftatateeta
0%
Ftatateeta and the Bats
0%
Fur Jam
0%
Furry Godmother
0%
Gale Warning
0%
Garbo
0%
Gardener
0%
Georgie (Boy)
0%
Georgie (Girl)
0%
Georgie (Man)
0%
Geppetto
0%
Germs
0%
Ghost
0%
Giant Octopus
0%
Giblets Barchickenov
0%
Gilbert
0%
Giraffes
0%
Giselle Biscotti
0%
Git Along Little Doggies
0%
Glass of Milk
0%
Glass of Water
0%
Glindagestion
0%
Glo
0%
Gloria Esteworm
0%
Glo Worm
0%
Gnu
0%
Gonger's Grandmother
0%
Gonnigan
0%
Goody Grouch
0%
Gooze Orman
0%
Gordon Blue
0%
Grampy Bear
0%
Grandmama Bear
0%
Grandma Nell
0%
Grandma Snuffleupagus
0%
Grandmother Happy
0%
Grandpa Grouch
0%
Granny Monster
0%
Granny Snuffle
0%
Granny Wolf
0%
Grass
0%
Grenadier Guardsman
0%
Greta
0%
Grizzy
0%
Grouch Cab Driver
0%
Grouch Cop
0%
Grouch Ice Cream Customer
0%
Grouch Jailer
0%
Grouch Mayor
0%
Groucho Marx Muppet
0%
Grouch Toll Booth Attendant
0%
Grouch Valenti
0%
Grover's Backup Singers
0%
Grundgetta The Couch
0%
Gulliver
0%
Guntag Gelman Jones
0%
Gus
0%
Gus Hopper
0%
Gyros Spiniapolis
0%
Hairbrush
0%
Hairy Hairy More Contrary
0%
Ham Actor
0%
Hammy Swinette
0%
Hank
0%
Harold Happy
0%
Harold Sweet
0%
Harriet Hare
0%
Harry Bellagrouchy
0%
Harry Dumpty
0%
Harry The Hopping Haystack
0%
Hats
0%
Heddy
0%
Helena
0%
Helen Happy
0%
Helmet
0%
Henrietta
0%
Henrietta Hamster
0%
Henrietta Honker
0%
Henrietta Wigglesworth
0%
Henry Drummschtick
0%
Henry Piggins
0%
Herb (Dinosaur)
0%
Herbert Hare
0%
Herb Wolf
0%
Herkimer Grouch
0%
Herman Bird
0%
Hermine
0%
Herriet Monster
0%
Herry's Father
0%
Herry's Granny
0%
Herry's Mother
0%
Hickory Dickory Duck
0%
High-Walking Heidi
0%
Hilton Creamer
0%
Hippie
0%
Hiram
0%
H-Man
0%
Holly
0%
Homer
0%
Hopalong Hamster
0%
Howard
0%
Howie Eatswell
0%
Howlie
0%
How Now Brown
0%
Hubert The Human Cannonball
0%
Humongous Chicken
0%
I.C. DeForrest
0%
Ida Nomer
0%
Iffy
0%
Iggy
0%
Iguana
0%
Ilsa
0%
Imogene
0%
Imogene (Monster)
0%
I.M. Pig
0%
Indigo
0%
Interviewer
0%
Irving
0%
Irwin
0%
Itchy
0%
Itzyuck Perlmud
0%
Izzy
0%
Jack Bauer Muppet
0%
Jack Be Nimble
0%
Jackets
0%
Jack The Boss
0%
Jacques Shoesteau
0%
James Bond Muppet
0%
Jan Brady
0%
Jane
0%
Jane Snuffleupagus
0%
Janet Fringle
0%
Japanese Storyteller
0%
Jascha Lombardi
0%
Jasper
0%
Jean McClean
0%
Jean The Genie
0%
Jeff Bawksworthy
0%
Jeffery
0%
Jeff Probst Muppet
0%
Jeffy
0%
Jerome
0%
Jerome The Garden Gnome
0%
Jerry Monster
0%
Jesse
0%
Jiffy
0%
Jimmy
0%
Jitterbug
0%
Joanie Jenkins
0%
Joe Hundred Guy
0%
Joe Hundred Guy's Butler
0%
Joe Marley
0%
Joey Monkey
0%
John-Boy
0%
Jolene
0%
J.P.
0%
Juanita
0%
Judy Finstermacher
0%
Julia Kid
0%
June Moon
0%
Junior
0%
Justin Bieber Muppet
0%
Karli
0%
Kate Pierson Muppet
0%
Keith Heartburn
0%
Kermit's Doctor
0%
Kermit The Forg
0%
King Crab
0%
King Fred
0%
King Gerry's Doctor
0%
King Gerry the Generous
0%
King Goodheart
0%
King Kenny the Kind
0%
King of Reading and Writing
0%
King Oliver
0%
King Peter the Persnickety
0%
King Richard the Chicken-Hearted
0%
King Wasteful V
0%
Kuwa
0%
Lady Agatha
0%
Lady Baba
0%
Lady Crunchington
0%
Ladyfinger
0%
Lady Schmanthum
0%
Lady Two
0%
Lady with a tall hat
0%
Lalo
0%
Lamont
0%
Lance (Director)
0%
Lance (Horse)
0%
Lars
0%
Laundromat Manager
0%
Laura
0%
Leafy Plant
0%
Leo
0%
Leo Birdelli
0%
Leonard Birdseed
0%
Leonardo da Crunchy
0%
Leonard Wolf
0%
Leo The Party Monster
0%
Leslie Mostly
0%
Librarians
0%
Liddy
0%
Lieutenant Tao
0%
Lightning
0%
Lila
0%
Little Chrissy and the Alphabeats
0%
Little Cookie
0%
Little Green Riding Hood
0%
Little Sammy Pottie
0%
Liza
0%
Liz Lemon
0%
Loaf of Bread
0%
Locktopus
0%
Log
0%
Lola
0%
Long Jane Silver
0%
Long John Silver
0%
Lord Hog
0%
Lord Tree
0%
Loretta
0%
Lothar The Grouch
0%
Lotta Chatter
0%
Louisey
0%
Love
0%
Luba Merquit
0%
Luca
0%
Lucky
0%
Lucy
0%
Lucy Jones
0%
Luka
0%
Luke Piewalker
0%
Luke Warm
0%
Luli
0%
Lurlene
0%
Luther O'Possum
0%
Lynn-Lynn
0%
Macaroni The Merciless
0%
Mack
0%
Madame Alma Cluck
0%
Madame Alma Cluck and the Poultry Choir
0%
Madame Chairbird
0%
Madame Schwartzhead
0%
Mademoiselle Escargot
0%
Madge
0%
Magic Fairy Delivery Service Delivery Boy
0%
Magic Painting Lady
0%
Mailbox
0%
Malcolm
0%
Mallard Capone
0%
Mama Bird
0%
Mama Countess
0%
Manny
0%
Manolo
0%
Marcia the Measure Maid
0%
Margaret
0%
Margo
0%
Mariah Cowie
0%
Marian
0%
Marie Dodo
0%
Marilou
0%
Mario
0%
Marisol
0%
Marissa
0%
Marshal Earp
0%
Marshal McClean
0%
Martha Sewer
0%
Martian Leader
0%
Marty (Monster)
0%
Marty Table
0%
Marv
0%
Marvin
0%
Mary-Biff
0%
Mary Mary Quite Contrary
0%
Mathilda
0%
Matilda
0%
Matt Playback
0%
Maurice Monster
0%
Maurice (Pig)
0%
Max
0%
Max Bear
0%
Max the Magnificent
0%
Maybelle Sweet
0%
Mayonnaisians
0%
Mean Manny
0%
Melissa Peanut Butter and Jelly Sandwiches
0%
Melvin Milk
0%
Memorybot
0%
Mervin
0%
Meter Maid
0%
Mia Sparrow
0%
Mick Swagger
0%
Mick The Stick
0%
Mike the Ladybug
0%
Milard Hog
0%
Mimsy
0%
Ming
0%
Minnesota Mel
0%
Minnie Mynah
0%
Miriam Cheswick
0%
Miss Blechman
0%
Miss Finch
0%
Miss Fortune
0%
Miss Fran
0%
Miss Marble
0%
Miss Matty
0%
Miss Vicki
0%
Mitzy The Spider
0%
MNN Logo Monsters
0%
Moe
0%
Moe Cocker
0%
Moe, Moe, and Moe
0%
Molly Darton
0%
Mommy Dodo
0%
Mona Monster
0%
Mona Morsel
0%
Monica the Harmonica
0%
Monsieur de Gaullestone
0%
Monsieur de Poubelle
0%
Monster Cookie
0%
Moo-dusa
0%
Morty Moot Mope
0%
Mother Chicken
0%
Mr. Between
0%
Mr. Big
0%
Mr. Bricklayer
0%
Mr. Browning
0%
Mr. Bull
0%
Mr. Can You Guess
0%
Mr. Draper
0%
Mr. Essex
0%
Mr. Fussbudget
0%
Mr. Hewitt
0%
Mr. Honker
0%
Mr. Ice Cream Cone Man
0%
Mr. Jerry
0%
Mr. Lucky
0%
Mr. MiCookie
0%
Mr. Mole
0%
Mr. Monster
0%
Mr. Morrisett
0%
Mr. Moses
0%
Mr. Nose
0%
Mr. Ogden
0%
Mr. Pelican
0%
Mr. Pogosticker
0%
Mr. Policeman Fishy
0%
Mr. Quincy
0%
Mr. Referee
0%
Mrs. Bird
0%
Mrs. Bolinski
0%
Mrs. Chicken
0%
Mrs. Chipowski
0%
Mrs. Crustworthy
0%
Mrs. Danni
0%
Mrs. Dogooder
0%
Mrs. Featherington
0%
Mrs. Frazzle
0%
Mrs. Grand High Triangle Lover
0%
Mrs. Hathahkugel
0%
Mr. Shneeze
0%
Mr. Slop
0%
Mrs. Maloy
0%
Mrs. Rooney
0%
Mrs. Slop
0%
Mrs. Sparklenose
0%
Mrs. Turow
0%
Mrs. Twitter
0%
Mrs. Winthrop
0%
Mr. Tiger
0%
Mr. Yak
0%
Ms. A. M. Goat
0%
Ms. Angora
0%
Ms. Barrett
0%
Ms. Betancourt
0%
Ms. Carpenter
0%
Ms. Galarza
0%
Ms. Scarlett
0%
Ms. Turpentine
0%
Ms. Zadie
0%
Mumford's Duck
0%
Muncha Lisa
0%
Muppet Doctor
0%
Murphy Brownbag
0%
Murray Beethoven
0%
Murray Impostor
0%
Murray Matisse
0%
Murray the Mediocre
0%
Nadine
0%
Nani Bird
0%
Natalie
0%
Newt the Nightwatchman
0%
Next Generation Captain
0%
Next Generation Security Officer
0%
Niblet
0%
Nick Chicken
0%
Nick Normal
0%
Nick Normal and the Nickmatics
0%
Noel Cowherd
0%
Nora Chicken
0%
Nora Nicks
0%
Norbert The Robot
0%
Norman (Monster)
0%
Nose McDonald
0%
Nucky Ducky
0%
Numerical Characters
0%
Oak Tree
0%
Officer Krupky
0%
Old MacDougal
0%
Old Smoggy
0%
Old YukDonald
0%
Oliver
0%
Omagrossa
0%
Only One Cannoli
0%
Opera Singer
0%
Organ Grinder
0%
Oscarina Grouch
0%
Oscar's Elephants
0%
Oscar's Pop
0%
Osgood Wingate III
0%
Osvaldo, el Grunon
0%
Othmar The Grouch
0%
Otto
0%
Over The Top
0%
Pablo Paint Palette
0%
Pail of Water
0%
Painting of a Bowl of Fruit
0%
Pamela
0%
Pammy
0%
Parker
0%
Park Ranger Squirrel
0%
Pastey
0%
Pat Playjacks
0%
Patti Paintbrush
0%
Paul
0%
Paul Ball
0%
Pauline
0%
Paul Pencil
0%
Pedro
0%
Pegafish
0%
Peligro
0%
Penelope Pepperpot
0%
Pesties
0%
Peter-Paul
0%
Phil Harmonic
0%
Philip
0%
Phooey Louie
0%
Picket Fence Monster
0%
Pickles
0%
Pierre
0%
Pigeons
0%
Pilar
0%
Pillow
0%
Pinky
0%
Pipe Organ
0%
Pirates
0%
Pita
0%
Plants
0%
Plate
0%
Porcupines
0%
Prairie Dawn's Mom
0%
Prince Billy
0%
Prince Cha-Cha-Charming
0%
Prince Firstly
0%
Prince Hal
0%
Prince Paul Charming
0%
Princess Cutie
0%
Princess Geraldine
0%
Princess Katie
0%
Princess Parfaita
0%
Princess Penelope
0%
Princess Polly
0%
Princess Sleepy
0%
Prince Ted
0%
Prince the Dog
0%
Professor Albert Einslime
0%
Professor Crumblemore
0%
Professor D. Rabbit
0%
Professor Gary Gill
0%
Professor Goldfinch
0%
Professor Nucleus Von Fission
0%
Provenza
0%
P.T. Bunkum
0%
Puffins
0%
Python
0%
Queen Olivia
0%
Radish Dude
0%
Radon
0%
Ralph Crammedon
0%
Ralphie
0%
Ramone Bone
0%
Readers of the Open Range
0%
Ready Betty
0%
Ready Eddie
0%
Ready Stan
0%
Red Bird
0%
Redusa the Recycling Fairy
0%
REM
0%
Renata Scotty
0%
Rhymeraner
0%
Rhymin' Lyman
0%
Ricardo
0%
Ricardo Monsterban
0%
Richie
0%
Rico (Monster)
0%
Rico (Robot)
0%
Rita Rucci
0%
Roberta
0%
Rocky (Baby)
0%
Rocky (Cat)
0%
Rocky (Monster)
0%
Rocky's Mother
0%
Rodney
0%
Romeo Scuggs
0%
Ronald Grump
0%
Ronnie Trash
0%
Roosevelt Franklin's Mother
0%
Rooster
0%
Rosa
0%
Rosalyn
0%
Roscoe
0%
Rosemary
0%
Rosita's Abuela
0%
Rosita's Family
0%
Roxanne
0%
Royal Guards
0%
Royal Reader
0%
Rubber Balls
0%
Rudder Rabbit
0%
Rufus
0%
Rusty
0%
Sabrina T. Pagebottom
0%
Sadie Schwartzbaum
0%
Salesperson
0%
Sally Messy Yuckyael
0%
Sally Sanchez
0%
Sally Screamer
0%
Sally Smith
0%
Sally Snuffleupagus
0%
Sally Soho
0%
Sally Wilson
0%
Salvador Dada
0%
Samantha the Eel
0%
Same Sound Brown
0%
Sam (Little Boy)
0%
Sam (Pianist)
0%
Sam (Shopkeeper)
0%
Samuel Snively
0%
Sandy
0%
Sandy the Snake
0%
Santa Claus
0%
Sarah Chair
0%
Saul the Ball
0%
School
0%
Scotty McKit
0%
Scram-I-Am
0%
Scuba Diver
0%
Scudge
0%
Scuzullo
0%
Scuzzina
0%
Selma Worm
0%
Senor Esnofelopago
0%
Sergeant
0%
Sergeant Gabriel
0%
Sergeant Thursday
0%
Sesame Street Gangsters
0%
Seymour
0%
Shape Characters
0%
Shark
0%
Sharon Groan
0%
Shecky
0%
Sheepa the Sherpa
0%
Shelley the Turtle
0%
Sheriff Shrimp
0%
Shivers the Penguin
0%
Shoe
0%
Shoe (Elmo's World)
0%
Shooting Star
0%
Short Branch Cafe Bartender
0%
Showered Rozelle
0%
Shrimp
0%
Sid
0%
Sigrid
0%
Simba
0%
Singbad the Sailor
0%
Singing Food
0%
Sir Campbell McGrouch
0%
Sir Harry the Tennis Ball
0%
Sir Rodney
0%
Sir Steve
0%
Sissy Friendly
0%
Skip Squawk
0%
Skunk
0%
Slam
0%
Slap-Happy Sly
0%
Slippery Slim
0%
Sloppy
0%
Slowest-Drawing Ed
0%
Slug
0%
Smart Alex
0%
Smelly Tavales
0%
Smilin' Jack
0%
Smokey the Salmon
0%
Smudgey
0%
Snail
0%
Snazzle
0%
Sneaker
0%
Snerk
0%
Snitch
0%
Snooks
0%
Snow Grouch
0%
Snufertiti
0%
Snuffleupaguses
0%
Sock Quartet
0%
Sol
0%
Sooey the Pig
0%
Sophie
0%
Sorceress
0%
Spaceship Surprise Assistant
0%
Spaceship Surprise Captain
0%
Spaghettini
0%
Spalding Monster
0%
Sparky
0%
Speedy
0%
Spencer Speedy
0%
Spike
0%
Spill O'Reilly
0%
Splurge
0%
Squiggle
0%
Squiggy Marley and the Mud Makers
0%
Squishta
0%
Stan
0%
Stan (Police Officer)
0%
Stan The Snowball
0%
Star White
0%
Stephanie Chicken
0%
Stiller the Elf
0%
Stinky the Stinkweed
0%
Storybook
0%
String Beans
0%
Stuckweed
0%
Sullivan
0%
Super Chicken
0%
Super Nanny
0%
Super Sunscreen
0%
SuperWorm
0%
Susie
0%
Swampy
0%
Sweetiekins
0%
Sydney
0%
Sydney (Camel)
0%
Sylvia
0%
Tammy
0%
Taxi Driver McGillicuddy
0%
T. Compton Razzle
0%
Teapot
0%
Teenage Monster
0%
Teeth
0%
Telephone Man
0%
Telephone Operator
0%
Tellyfish
0%
Telly's Mom
0%
Teresa
0%
Terry Terrier
0%
The Alphabet Kid
0%
The Amazing Zero
0%
The Androoze Sisters
0%
The Answer Lady Announcer
0%
The Aristocrats
0%
The Aveggies
0%
The Banana King
0%
The Barber
0%
The Big Tomato
0%
The Boogie-Woogie Sheep
0%
The Bookworms
0%
The Busby Twins
0%
The Cat
0%
The Caterpillar
0%
The Cereal Girl
0%
The Cereal Girl's Dad
0%
The City Mouse
0%
The Closer
0%
The Cobblestones
0%
The Con Man
0%
The Country Mouse
0%
The Count's Grandparents
0%
The Cream
0%
The Crumb
0%
The Cube
0%
The Cuckoos
0%
The Dawgs
0%
The Duke
0%
The Easter Bunny
0%
The Emperor
0%
The Evil Prime Minister
0%
The Fairy Godperson
0%
The Fairy Information Operator
0%
The Fantabulous Four
0%
The Fantastic Finkelman
0%
The First Lady
0%
The Fly Girls
0%
The Flying Rachmaninoffs
0%
The Frazzletones
0%
The Friendly Froggies Five
0%
The Frosty Four
0%
The Fruit and Veggie Five
0%
The Geefle
0%
The Genie
0%
The Gingerbread Man
0%
The Golden Cabbage of Destiny
0%
The Gonk
0%
The Grand Royal Square Person
0%
The Grand Royal Square Person's Assistant
0%
The Great Blechini
0%
The Great Fentini
0%
The Great Halfini
0%
The Great In-Betweeny
0%
The Great Quackini
0%
The Green Four-net
0%
The Hipster
0%
The Hungry Family
0%
The Invisible Man
0%
The James Twins
0%
The Justice of Disturbin' the Peace
0%
The Karate Squid
0%
The Kentucky Derbies
0%
The King of Diamonds
0%
The Lady in the Fancy Bathrobe
0%
The Letter Tree
0%
The Log Bird
0%
The London Frog
0%
The Loud Family
0%
The Man In Brown
0%
The Man in the Sleeveless Undershirt
0%
The Miller's Daughter
0%
The Mouse King
0%
The Mudman
0%
The Oat Bran Zydeco "Je Ne Sais Quoi" Band
0%
The Old Woman Who Lives In A Shoe
0%
The Pentagon
0%
The Phoenix
0%
The Pied Piper
0%
The Pigeon Sisters
0%
The Polka Dot Family
0%
The Prince and the Pig
0%
The Princess and the C
0%
The Queen of Diamonds
0%
The Queen of Nacho Picchu
0%
The Quiet Family
0%
The Rhymies
0%
The Ringmaster
0%
The Royal Apple Tree
0%
The Royal Barber
0%
The Royal Lackey
0%
The Sad Family
0%
The Safety Chickens
0%
The Sandman
0%
The Seven Dwarves
0%
The Shagri-Las
0%
The Sheep-ret Service
0%
The Shoemaker
0%
The Silly Sorceress
0%
The Singing Dentists
0%
The Six Dollar Man
0%
The Snerfs
0%
The Snowman
0%
The Snuffle-Fairy
0%
The Square
0%
The Sub-Human Cannonball
0%
The Sun
0%
The Super Foods
0%
The Surprise Monsters
0%
The Three Bears
0%
The Three Little Kittens
0%
The Tooth Fairy
0%
The Toothpaste Fairy
0%
The Tortoise
0%
The Two-Headed Monster's Mother
0%
The Wise Man
0%
The Woodsman
0%
The Yesman
0%
The Young Man Who Lives In A Glove
0%
The Young Son
0%
The Young Woman Who Lives In A Hat
0%
The Zizzy Zoomers
0%
Three-In-A-Row Smith
0%
Thudge
0%
Timmy
0%
Timmy Twiddlebug
0%
Tina
0%
Tina Twiddlebug
0%
Tiny Tim's Uke Repair Delivery Man
0%
Tito
0%
Tito (Bat)
0%
Todd Jameson
0%
Tommy Wilson
0%
Tom Pipersson
0%
Tom Twinkletoes
0%
Tony (Turtle)
0%
Tooth
0%
Toothbrush
0%
Toucan
0%
Tough Luck Lester
0%
Toulouse
0%
Towels
0%
Trashini
0%
Trees
0%
Trevor Trout
0%
Trish
0%
Troll
0%
Tropical Grossbill
0%
Truckee
0%
T-Shirt Salesman
0%
Tumbleweed
0%
Turkey Conductor
0%
Twiddlebug Superintendent
0%
Twinkle Twinkle
0%
Two Guys Named Ed
0%
Tyler the Traveling Tailor
0%
Tyrone
0%
Umeko
0%
Uncle Abe
0%
Uncle Ernisimo
0%
Uncle Hank
0%
Uncle Louie
0%
Uncle Ned
0%
Uncle Slim
0%
Uncle Talbot
0%
Underlings
0%
Ursula
0%
Vanna Banana
0%
Velma
0%
Velma Bland
0%
Velma Blank
0%
Venusian
0%
Victor
0%
Vidal Spittoon
0%
Vincent Van Dough
0%
Violin
0%
Virginia Virginia
0%
Vivian
0%
Vivian Vase
0%
Volcano
0%
Waldo Woodpecker
0%
Walt Dizzy
0%
Walter
0%
Walter Cranky
0%
Walter (Vampire)
0%
Wanda Sykes' Journal
0%
Warren Blechstein
0%
Washcloth
0%
Weepin' Willie
0%
Whamo the Rental Magician
0%
Whatshisname
0%
Wheeler Dealer
0%
Whispering Sam
0%
Whoopie Pie
0%
William F. Lamby
0%
Willy Muppet
0%
Willy Nilly
0%
Winky
0%
Wired
0%
Wisdom Tooth
0%
Wish Pickle
0%
Wolfie
0%
Woodhouse
0%
Woodrow Woodpecker
0%
Worby
0%
Wordwatcher
0%
Worm-O The Happy Clown
0%
Worm Scouts
0%
Wormsmith Black Mambazo
0%
Worthington
0%
Wrap Master Squirrel
0%
Wrestlers
0%
Wyoming Walt
0%
Yasmine
0%
Yes Man
0%
Young Grasshopper
0%
Young MacDonald
0%
Yucky Mama
0%
Yvette French Toast
0%
Zaftig
0%
Zak the Yak
0%
Zebediah
0%
Zebras
0%
Zelda
0%
Zero
0%
Zowie-Zown the Upside Down Clown
0%
No matching quizzes found
Score Distribution
Percent of People with Each Score
Percentile by Number Answered
Your Score History
You have not taken this quiz